00442 a2200145 450000100060000008200140000609000170002010000330003724500600007026000180013030000090014894200240015799900190018195200960020063596 a297.5 ISM c37591d37591 aShah Muhammad Ismail Shaheed aMajmooa taqweeyatul Emaan maya Tazkiratul AkhwaanhUrdu bNoor Muhammad a466p aCAE NUSTk297.5 ISM c298669d298669 001040708NFICaCAEbCAEd2017-04-03l0o297.5 ISMpCAEG-5393r2017-04-05w2017-04-05yBK